Southville International School and Colleges
Your cart is empty.
  • Cart
  • Lists
    Public lists Eva Luna New books Lux_list list_1
    Your lists Log in to create your own lists
  • Log in to your account
  • Your cookies
  • Search history
Southville International School and Colleges
  • Advanced search
  • Recent comments
  • Most popular
  • Libraries

Log in to your account

Log in with GOOGLE


If you do not have an external account, but do have a local account, you can still log in:

  1. Home
  2. MARC view: 101 ways to connect with your customers, chiefs, and co-workers /
Normal view MARC view ISBD view

101 ways to connect with your customers, chiefs, and co-workers / (Record no. 364040)

[ view plain ]
MARC details
000 -LEADER
fixed length control field 00459nam a2200133Ia 4500
008 - FIXED-LENGTH DATA ELEMENTS--GENERAL INFORMATION
fixed length control field 200903s9999 xx 000 0 und d
020 ## - INTERNATIONAL STANDARD BOOK NUMBER
International Standard Book Number 978-1-305-09762-9
100 ## - MAIN ENTRY--PERSONAL NAME
Personal name Salvis, Carol A.
245 ## - TITLE STATEMENT
Statement of responsibility, etc Carol A. Salvis.--
Title 101 ways to connect with your customers, chiefs, and co-workers /
260 ## - PUBLICATION, DISTRIBUTION, ETC. (IMPRINT)
Place of publication, distribution, etc USA :
Name of publisher, distributor, etc Cengage Learning PTR
Date of publication, distribution, etc 2015
300 ## - PHYSICAL DESCRIPTION
Extent vi , 186 pages :
Other physical details illustration ;
Dimensions 23 cm.
650 ## - SUBJECT ADDED ENTRY--TOPICAL TERM
Topical term or geographic name as entry element Business communication
650 ## - SUBJECT ADDED ENTRY--TOPICAL TERM
Topical term or geographic name as entry element Customer relation
Holdings
Withdrawn status Lost status Damaged status Home library Current library Shelving location Date acquired Source of acquisition Total Checkouts Full call number Barcode Date last seen Price effective from Koha item type
      College Library College Library Reserve Section 09/03/2020 Library Fund   HF 5386 .Sa185 2015 C22173 09/03/2020 09/03/2020 Books

101 ways to connect with your customers, chiefs, and co-workers /

APA

Salvis C. A., . (2015). 101 ways to connect with your customers, chiefs, and co-workers. USA: Cengage Learning PTR.

Chicago

Salvis Carol A, . 2015. 101 ways to connect with your customers, chiefs, and co-workers. USA: Cengage Learning PTR.

Harvard

Salvis C. A., . (2015). 101 ways to connect with your customers, chiefs, and co-workers. USA: Cengage Learning PTR.

MLA

Salvis Carol A, . 101 ways to connect with your customers, chiefs, and co-workers. USA: Cengage Learning PTR. 2015.

  • Place hold
  • Print
  • Cite
  • Add to your cart (remove)
  • Save record
    BIBTEX Dublin Core MARCXML MARC (non-Unicode/MARC-8) MARC (Unicode/UTF-8) MARC (Unicode/UTF-8, Standard) MODS (XML) RIS
  • More searches
    Search for this title in:
    Other Libraries (WorldCat) Other Databases (Google Scholar) Online Stores (Bookfinder.com) Open Library (openlibrary.org)

Exporting to Dublin Core...

SOUTHVILLE LIBRARY

Southville International School and Colleges Library

1281 Tropical Ave. Cor. Luxembourg St., BF Homes International, Las Pinas City

Tel. No. 8256374 / 252358 Loc. 117/146

Powered by Koha